00652nam a2200217 i 450000100060000000300090000600500170001500700030003200800410003502000180007604000220009408000150011610000460013124500810017725000120025826000340027030000200030449000390032483000380036385200330040113616ES-MaACL20240608062958.0t|960904s1996 sp ||||0| spa j a84-88617-09-7 aM-BN bspa cM-BN a860-32"19"0 aMolina Caballero, José María, d1961-10aCírculos concéntricos b: (relatos) / cJosé María Molina Caballero. a1ª ed. aRute : bAnfora Nova, c1996. a43 p ; c18 cm.1 aAnfora nova. Serie narrativa ; v20 aÁnfora Nova. Serie narrativav2 aES-MaACLjL-20978 bR.125443